000 00520nam a2200145 i 4500
001 185037
003 ES-MaACL
005 20230906222332.0
008 160308s1918 be |||| | fre d
245 0 3 _aLa politique économique de l'Allemagne en Belgique occupée
_b: un document écrasant pour l'administration allemande.
260 _aLe Havre :
_bÉd. du "Bureau Documentaire Belge",
_c1918.
300 _a15 p. ;
_c23 cm.
650 4 _aGuerra mundial, 1914-1918-
_zBélgica.
_9158946
852 _aES-MaACL
_j1565-F-16
999 _c185037
_d185037